Development and diffusion of the nuclear power reactor : A comparative analysis
Salvato in:
| Autore principale: | |
|---|---|
| Natura: | Libro |
| Lingua: | Undetermined |
| Pubblicazione: |
Cambridge
Ballinger
1979
|
| Soggetti: | |
| Tags: |
Aggiungi Tag
Nessun Tag, puoi essere il primo ad aggiungerne! !
|
| Thư viện lưu trữ: | Trung tâm Học liệu Trường Đại học Cần Thơ |
|---|
| LEADER | 00595nam a2200205Ia 4500 | ||
|---|---|---|---|
| 001 | CTU_98850 | ||
| 008 | 210402s9999 xx 000 0 und d | ||
| 082 | |a 338.47621 | ||
| 082 | |b D489 | ||
| 100 | |a Deleon, Peter | ||
| 245 | 0 | |a Development and diffusion of the nuclear power reactor : | |
| 245 | 2 | |b A comparative analysis | |
| 245 | 0 | |c Peter Deleon | |
| 260 | |a Cambridge | ||
| 260 | |b Ballinger | ||
| 260 | |c 1979 | ||
| 650 | |a Nuclear engineering,Nuclear reactor,Technology and states | ||
| 650 | |x Research | ||
| 904 | |i Truc | ||
| 980 | |a Trung tâm Học liệu Trường Đại học Cần Thơ | ||